| 000 | 01204nam a22002777a 4500 | ||
|---|---|---|---|
| 003 | OSt | ||
| 005 | 20230124141036.0 | ||
| 007 | cr ||||||a|c|a | ||
| 008 | 230120b2021 mx ||||fom||| 001 0 spa d | ||
| 040 | _erda | ||
| 100 | 1 |
_9185943 _aRosales Paredes, Iván |
|
| 245 | 1 |
_aTurismo alternativo y acción colectiva en Xicotepec, Puebla: _btrayectoria del colectivo Xicomeh en un destino turístico considerado pueblo mágico / _cpor Iván Rosales Paredes; director de tesis Elvira Mazcorro Velarde |
|
| 264 | 1 |
_aChapingo, México : _bEl autor, _c2021. |
|
| 300 | _a1 recurso en línea (82 páginas). | ||
| 336 |
_2rdacontent _atexto _btxt |
||
| 337 |
_2rdamedia _acomputadora _bc |
||
| 338 |
_2rdacarrier _arecurso en línea _bcr |
||
| 502 |
_bMCSR _cSociología _d2021. _gMAE |
||
| 504 | _aIncluye referencias bibliográficas: páginas 60, 42-45 | ||
| 650 | 4 |
_9125862 _aEcoturismo _zPuebla |
|
| 650 | 4 |
_9115612 _aTurismo _xPuebla |
|
| 650 | 4 |
_931986 _aDesarrollo de la comunidad _zPuebla |
|
| 700 | 1 |
_973316 _aMazcorro Velarde, Elvira _eDirector de tesis |
|
| 856 |
_uhttp://10.13.5.2/tesis/tm/2021_SR_Rosales_Paredes_Ivan.pdf _zDESCARGAR PDF |
||
| 942 |
_2Clasificación Universidad Autónoma Chapingo _cTD |
||
| 999 |
_c218124 _d218124 |
||